[Event "FRA-chT2 0405"]
[Site "France"]
[Date "2004.10.10"]
[Round "1.2"]
[White "Jablonski, Noham"]
[Black "Aveline, Philippe"]
[Result "1/2-1/2"]
[WhiteElo "2237"]
[BlackElo "2229"]
[PlyCount "86"]
[EventDate "2004.10.10"]
[EventType "team"]
[EventRounds "11"]
[EventCountry "FRA"]
[SourceTitle "EXT 2006"]
[Source "ChessBase"]
[SourceDate "2005.11.24"]
[SourceVersion "1"]
[SourceVersionDate "2005.11.24"]
[SourceQuality "1"]
[WhiteTeam "Vincennes"]
[BlackTeam "Issy les Moulineaux"]
[WhiteTeamCountry "FRA"]
[BlackTeamCountry "FRA"]

1. e4 d5 2. exd5 Nf6 3. d4 Nxd5 4. c4 Nb6 5. Nc3 g6 6. h3 Bg7 7. Nf3 0-0 8. Be2 c6 9. 0-0 N8d7 10. a4 e5 11. a5 exd4 12. Nxd4 Nb8 13. Be3 N6d7 14. Qc2 Na6 15. Rfd1 Qe7 16. Nb3 Re8 17. Bd4 Nf6 18. Bf3 Bf5 19. Qc1 h5 20. Na4 Nd7 21. Bxg7 Kxg7 22. Nd4 Qf6 23. Nxf5+ Qxf5 24. Qc3+ Ne5 25. b4 Kg8 26. Be2 Nc7 27. Nc5 Rab8 28. Qd4 b6 29. axb6 axb6 30. Na6 Ne6 31. Qe3 Rb7 32. Bd3 Nxd3 33. Qxd3 Qxd3 34. Rxd3 Kf8 35. Rd6 Rc8 36. Rad1 Ke7 37. b5 c5 38. R6d3 Rd8 39. Kf1 Rxd3 40. Rxd3 f5 41. g3 g5 42. Rd5 Kf6 43. Ke2 Nd4+ 1/2-1/2

[Event "FRA-chT2 0304"]
[Site "France"]
[Date "2004.03.14"]
[Round "9"]
[White "Clery, Nicolas"]
[Black "Aveline, Philippe"]
[Result "1-0"]
[WhiteElo "2307"]
[BlackElo "2220"]
[PlyCount "105"]
[EventDate "2003.10.??"]
[EventType "team"]
[EventRounds "11"]
[EventCountry "FRA"]
[SourceTitle "EXT 2005"]
[Source "ChessBase"]
[SourceDate "2004.11.15"]
[SourceVersion "1"]
[SourceVersionDate "2004.11.15"]
[SourceQuality "1"]

1. d4 Nf6 2. c4 g6 3. Nc3 Bg7 4. e4 d6 5. Nf3 0-0 6. Be2 e5 7. d5 a5 8. Bg5 Qe8 9. Nd2 Nfd7 10. a3 Na6 11. b4 f5 12. f3 b6 13. 0-0 h6 14. Be3 f4 15. Bf2 g5 16. Nb5 Rf7 17. bxa5 bxa5 18. Na7 Bf8 19. Rb1 h5 20. Rb5 a4 21. Nxc8 Qxc8 22. Qxa4 Nac5 23. Qb4 Nf6 24. Rb1 Ra4 25. Qc3 Qa6 26. Ra1 Qa7 27. Bd1 Ra6 28. Bc2 Nfd7 29. a4 g4 30. Kh1 Bh6 31. a5 g3 32. Bg1 gxh2 33. Bf2 Qa8 34. Nb3 Bf8 35. Bd3 Qd8 36. Bf1 Be7 37. Rb1 Ra8 38. Ra1 Bh4 39. Bxh4 Qxh4 40. Nxc5 Nxc5 41. Qb2 Rff8 42. Qd2 Kf7 43. Qb2 Rg8 44. Rxc5 dxc5 45. Qxe5 Kg6 46. Qxc7 Rgc8 47. Qd7 Qf6 48. Rb1 Rab8 49. Rb6 Rxb6 50. axb6 Rb8 51. b7 Qe5 52. Kxh2 Kg5 53. d6 1-0

[Event "FRA-chT2 0304"]
[Site "France"]
[Date "2004.02.01"]
[Round "7"]
[White "Aveline, Philippe"]
[Black "Derisbourg, Denis"]
[Result "1-0"]
[WhiteElo "2220"]
[BlackElo "2090"]
[PlyCount "81"]
[EventDate "2003.10.??"]
[EventType "team"]
[EventRounds "11"]
[EventCountry "FRA"]
[SourceTitle "EXT 2005"]
[Source "ChessBase"]
[SourceDate "2004.11.15"]
[SourceVersion "1"]
[SourceVersionDate "2004.11.15"]
[SourceQuality "1"]

1. e4 c5 2. c3 e6 3. d4 d5 4. e5 Qb6 5. Nf3 Nc6 6. Be2 Bd7 7. 0-0 Rc8 8. dxc5 Bxc5 9. Bd3 f5 10. Qe2 Nd8 11. Nbd2 Ba4 12. Nb3 Be7 13. Nbd4 a6 14. Re1 Bd7 15. g4 fxg4 16. Ng5 Bxg5 17. Bxg5 Nf7 18. Bf4 Ngh6 19. Rad1 Kf8 20. Kh1 Re8 21. f3 gxf3 22. Nxf3 Re7 23. Rg1 Nf5 24. Rde1 g6 25. Bxf5 exf5 26. Nd4 Be6 27. Qf2 Qd8 28. Rd1 Re8 29. c4 Bd7 30. Rge1 g5 31. Bg3 f4 32. e6 Bxe6 33. Nxe6+ Rxe6 34. Rxe6 fxg3 35. Qc5+ Kg8 36. Rxd5 Qf8 37. Qe3 Qb4 38. Rxg5+ Nxg5 39. Qxg5+ Kf7 40. Qf6+ Kg8 41. Re8+ 1-0

[Event "Syre Memorial op 26th"]
[Site "Issy les Moulineaux"]
[Date "2003.05.29"]
[Round "1.38"]
[White "Aveline, Philippe"]
[Black "Ayral, Vincent"]
[Result "1/2-1/2"]
[WhiteElo "2158"]
[BlackElo "2020"]
[PlyCount "39"]
[EventDate "2003.05.29"]
[EventType "swiss"]
[EventRounds "6"]
[EventCountry "FRA"]
[SourceTitle "CBM 094 Extra"]
[Source "ChessBase"]
[SourceDate "2003.07.09"]
[SourceVersion "2"]
[SourceVersionDate "2003.07.09"]
[SourceQuality "1"]

1. e4 c5 2. c3 Nf6 3. e5 Nd5 4. d4 cxd4 5. Nf3 d6 6. Bc4 Nb6 7. Bb3 Nc6 8. exd6 Qxd6 9. 0-0 Be6 10. Bxe6 Qxe6 11. Nxd4 Nxd4 12. Qxd4 Rd8 13. Qh4 Qe2 14. Be3 e6 15. Bxb6 axb6 16. Na3 b5 17. b4 Be7 18. Qg3 Bf6 19. Rfe1 Qh5 20. Rac1 1/2-1/2